Herramientas para la bioprospección / (Registro nro. 8199)

Detalles MARC
000 -CABECERA
Campo de control 00896nam a22002657a 4500
005 - FECHA Y HORA DE LA ULTIMA TRANSACCION
Campo de control 20140303120922.0
008 - ELEMENTOS DE LONGITUD FIJA—INFORMACION GENERAL
Campo de control 030923s2002 ck a r 00010 spa d
020 ## - ISBN
ISBN 9587012615
041 0# - IDIOMA
Código de idioma para texto/pista de sonido o título separado Español
044 ## - PAÍS DE PUBLICACIÓN
País de publicación Colombia
082 04 - NUMERO DE CLASIFICACION DECIMAL DEWEY
Número de clasificación 333.72
Número del ítem I62h
245 00 - MENCION DE TITULO
Título Herramientas para la bioprospección /
260 ## - PUBLICACION, DISTRIBUCION, ETC. (PIE DE IMPRENTA)
Lugar de publicación, distribución, etc. Bogotá
Nombre del editor, distribuidor, etc. Universidad Nacional de Colombia, Departamento de Biología
-- Invemar
Fecha de publicación, distribución, etc. 2002
300 ## - DESCRIPCION FISICA
Extensión 42 p. :
Otros detalles físicos il. ;
Dimensiones 28 cm.
500 ## - NOTA GENERAL
Nota general Glosario : p. 41.
650 ## - ASIENTO SECUNDARIO DE MATERIA - TERMINO TEMATICO
Término temático o nombre geográfico como elemento de entrada Conservación de los recursos naturales
Subdivisión geográfica Colombia
650 #6 - ASIENTO SECUNDARIO DE MATERIA - TERMINO TEMATICO
Término temático o nombre geográfico como elemento de entrada Recursos naturales
Subdivisión geográfica Colombia
650 ## - ASIENTO SECUNDARIO DE MATERIA - TERMINO TEMATICO
Término temático o nombre geográfico como elemento de entrada Calidad de vida.
650 ## - ASIENTO SECUNDARIO DE MATERIA - TERMINO TEMATICO
Término temático o nombre geográfico como elemento de entrada Protección del medio ambiente
Subdivisión geográfica Colombia
650 #6 - ASIENTO SECUNDARIO DE MATERIA - TERMINO TEMATICO
Término temático o nombre geográfico como elemento de entrada Bioprospección
700 1# - ASIENTO SECUNDARIO - NOMBRE PERSONAL
Nombre personal Hernández, Luz Aliette
700 1# - ASIENTO SECUNDARIO - NOMBRE PERSONAL
Nombre personal Valero, Nelson Osvaldo
700 1# - ASIENTO SECUNDARIO - NOMBRE PERSONAL
Nombre personal Melgarejo, Luz Marina
942 ## - ELEMENTOS ADICIONALES (KOHA)
Sistema de clasificación Dewey Decimal Classification
Tipo de ítem Impreso
Existencias
Withdrawn status Lost status Sistema de Clasificación Damaged status No para préstamo Colección Inventariado Ubicación Permanente Ubicación actual Fecha de adquisición Fuente de Valor Valor Total Checkouts Número topográfico Inventario / Código de Barras Date last seen Ejemplar Price effective from Forma de adquisición Tipo de material
    Dewey Decimal Classification     General Inventariado 2017 Bogotá Bogotá 03/03/2014 Instituto 15000.00   LB-333.72 I62h 034105 03/03/2014 Ej. 1 03/03/2014 Canje Libro
    Dewey Decimal Classification     General   Bogotá Bogotá 21/10/2019       LB-333.72 I62h 043618 21/10/2019 Ej.2 21/10/2019 Canje Libro